España sagrada. (Record no. 174566)

MARC details
000 -LEADER
campo de control de longitud fija 00950nam a2200253 4500
001 - NÚMERO DE CONTROL
campo de control 174566
003 - IDENTIFICADOR DE NÚMERO DE CONTROL
campo de control ES-MaACL
005 - FECHA Y HORA DE LA ÚLTIMA TRANSACCIÓN
campo de control 20250709063229.0
008 - DATOS DE LONGITUD FIJA--INFORMACIÓN GENERAL
campo de control de longitud fija 100506s1774 sp p |||| | spa d
080 ## - NÚMERO DE LA CLASIFICACIÓN DECIMAL UNIVERSAL
Número de la Clasificación Decimal Universal 27(460.235)"04/11"
100 1# - ENTRADA PRINCIPAL--NOMBRE DE PERSONA
Nombre de persona Flórez, Enrique,
Fechas asociadas al nombre 1702-1773
9 (RLIN) 142679
240 10 - TÍTULO UNIFORME
Título uniforme España sagrada
245 10 - MENCIÓN DEL TÍTULO
Título España sagrada.
Número de parte o sección de la obra Tomo XXVIII,
Nombre de parte o sección de la obra El estado antiguo de la iglesia ausonense, hoy Vique /
Mención de responsabilidad, etc. su autor Henrique Florez ... obra posthuma, que publica Manuel Risco.
260 ## - PUBLICACIÓN, DISTRIBUCIÓN, ETC.
Lugar de publicación, distribución, etc. Madrid :
Nombre del editor, distribuidor, etc. en la imprenta de D. Antonio de Sancha,
Fecha de publicación, distribución, etc. 1774.
300 ## - DESCRIPCIÓN FÍSICA
Extensión [24], 375 p. ;
Dimensiones 20 cm.
500 ## - NOTA GENERAL
Nota general Apéndices, p. 239-362.
504 ## - NOTA DE BIBLIOGRAFÍA, ETC.
Nota de bibliografía, etc. Índice alfabetico de cosas notables del tomo.
546 ## - NOTA DE IDIOMA
Nota de lengua/lenguaje Texto en latín, p. 240-339.
610 24 - PUNTO DE ACCESO ADICIONAL DE MATERIA--NOMBRE DE ENTIDAD CORPORATIVA
Nombre de entidad corporativa o nombre de jurisdicción como elemento de entrada Vic (Diócesis)-
Subdivisión de forma Historia.
9 (RLIN) 142731
700 0# - ENTRADA AGREGADA--NOMBRE PERSONAL
Nombre de persona Risco, Manuel.
9 (RLIN) 97459
852 4# - LOCALIZACIÓN
Ubicación ES-MaACL
Número de control de estantería R-1617-69
Encuadernación C-16767-818
Holdings
Estatus retirado Estado de pérdida Estado de daño No para préstamo Colección Biblioteca de origen Biblioteca actual Ubicación en estantería Fecha de adquisición Fuente de adquisición Total de préstamos Signatura topográfica completa Código de barras Visto por última vez Precio de reemplazo Tipo de ítem Koha
        Libros del s. XVIII Biblioteca del Ateneo de Madrid Biblioteca del Ateneo de Madrid Depósito 06/05/2010     R-1644 1183252 23/02/2023 23/02/2023 Libro impreso antiguo